MARC

LEADER 00000nam0a2200000 4500
001 234950
005 20231101231349.0
035 |a (RuTPU)RU\TPU\book\256079 
090 |a 234950 
100 |a 20130402d1937 k y0rusy50 ca 
101 0 |a rus 
102 |a RU 
105 |a a z 001zy 
200 1 |a Нефтяное товароведение  |f А. Г. Попич 
205 |a 2-е изд., перераб. и доп. 
210 |a Москва  |a Ленинград  |c Главная редакция горно-топливной литературы  |d 1937 
215 |a 547 с.  |c ил. 
320 |a Библиогр.: с. 534-536. 
320 |a Предметный и именной указатель: с. 537-546. 
606 1 |a Нефтяное товароведение  |2 stltpush  |3 (RuTPU)RU\TPU\subj\34224  |9 56226 
610 1 |a нефть 
610 1 |a состав 
610 1 |a переработка 
610 1 |a теплотехника 
610 1 |a сырая нефть 
610 1 |a происхождение 
610 1 |a залегание 
610 1 |a бурение 
610 1 |a добыча 
610 1 |a качество 
610 1 |a методы определения 
610 1 |a классификация 
610 1 |a бензины 
610 1 |a лигроины 
610 1 |a сортамент 
610 1 |a керосин 
610 1 |a очистка 
610 1 |a смазочные материалы 
610 1 |a парафины 
610 1 |a асфальты 
610 1 |a битумы 
610 1 |a нефтяное топливо 
610 1 |a ароматизация 
610 1 |a гидрогенизация 
610 1 |a сажа 
675 |a 665.71  |v 3 
700 1 |a Попич  |b А. Г. 
801 1 |a RU  |b 63413507  |c 20130402 
801 2 |a RU  |b 63413507  |c 20130405  |g RCR 
942 |c BK